000 00599nam a22002177a 4500
003 UA-OsUOA
001 112773
007 ta
008 20150728b un ||||| |||| 00| 0 ukr d
100 _aЛегкий М.
090 _a82
_bЛ38
942 _cSA
040 _aUA-OsUOA
_bukr
_cUA-OsUOA
_dUA-OsUOA
245 _aПроза Івана Франка початку ХХ століття: проблема теодицеї
300 _aС.3-11
955 _a0
041 _aukr
080 _a82
773 0 _w112772
650 7 _a82 Література. Літературознавство
_2UDC
999 _c398830
_d398830